Statistiken für TOP 10 Länder - Judentum

Klicken Sie hier um das Quiz zu spielen!

Allgemein

  • Dieses Quiz wurde 128 mal gespielt
  • Das Durchschnittsergebnis liegt bei 7 aus 10

Antwortstatistiken

#Land% Korrekt
2Israel
100%
1Vereinigte Staaten
93%
8Deutschland
88%
3Frankreich
87%
4Kanada
76%
7Russland
69%
5Vereinigtes Königreich
68%
9Australien
51%
10Brasilien
44%
6Argentinien
39%

Verteilung der Resultate

Perzentil nach korrekt beantworteten Fragen

Anzahl Personen mit jedem Resultat

Ihre Resultats-Entwicklung

Sie haben dieses Quiz noch nicht gespielt